[Event "TCh-SVK Extraliga 2010-11"]
[Site "Slovakia SVK"]
[Date "2011.03.12"]
[Round "7.6"]
[White "Federic,P"]
[Black "Kantorik,M"]
[Result "1-0"]
[WhiteElo "2213"]
[BlackElo "2351"]

1.e4 g6 2.d4 Bg7 3.Nc3 c6 4.Be3 d6 5.f4 Nf6 6.Nf3 Nbd7 7.a4 O-O 8.h3 Qa5
9.Bd3 e5 10.O-O Nh5 11.dxe5 dxe5 12.f5 Nf4 13.fxg6 hxg6 14.Kh1 Nc5 15.Bb5 Nxe4
16.Nxe4 cxb5 17.Nxe5 Nh5 18.Nxf7 Be6 19.Nfg5 Bf5 20.Qd5+ Kh8 21.Nd6 Ng3+
22.Kg1 Nxf1 23.Ndf7+ Rxf7 24.Nxf7+ Kh7 25.Rxf1 Qc7 26.Ng5+ Kh8 27.Rf4  1-0

[Event "TCh-SVK Extraliga 2010-11"]
[Site "Slovakia SVK"]
[Date "2011.03.13"]
[Round "8.6"]
[White "Kantorik,M"]
[Black "Petran,Pe"]
[Result "1-0"]
[WhiteElo "2351"]
[BlackElo "2330"]

1.d4 g6 2.e4 Bg7 3.Nc3 c6 4.Be3 d6 5.Qd2 b5 6.Bd3 Nd7 7.f3 a6 8.a4 Bb7 9.Nge2 e5
10.O-O exd4 11.Bxd4 Ngf6 12.Be3 O-O 13.Bh6 Re8 14.Bxg7 Kxg7 15.Ng3 Nc5 16.Be2 h6
17.Rad1 b4 18.Na2 a5 19.b3 d5 20.Qd4 Nd7 21.exd5 cxd5 22.Bb5 Re6 23.c3 bxc3
24.Nxc3 Ne5 25.f4 Nc6 26.Qc5 Ne7 27.f5 Qb6 28.Qxb6 Rxb6 29.fxg6 fxg6 30.Nce2 Nc6
31.Nf4 Nb4 32.Rde1 Kf7 33.Re5 Rc8 34.Rfe1 Ne4 35.Nxd5 Bxd5 36.Nxe4 Rc7 37.Rf1+ Kg7
38.Nd2 Re6 39.Rxe6 Bxe6 40.Bc4 Bf5 41.Re1 Nd3 42.Re3 Nc5 43.Re5 Kf6 44.Rd5 Bc2
45.Kf2 Kg7 46.Ke3 g5 47.Kd4 Ne6+ 48.Kc3 Bg6 49.Rxa5 Nf4 50.g3 Ne2+ 51.Kb2 Nd4
52.Rd5 Nf5 53.a5 Ne3 54.Rd6  1-0

[Event "ch-PriFO A"]
[Site "Tolyatti RUS"]
[Date "2011.03.15"]
[Round "6.2"]
[White "Predke,A"]
[Black "Virovlansky,S"]
[Result "1-0"]
[WhiteElo "2434"]
[BlackElo "2449"]

1.e4 g6 2.d4 Bg7 3.Nc3 c6 4.Nf3 d6 5.Be3 Qc7 6.h3 Nd7 7.Qd2 e5 8.dxe5 dxe5
9.O-O-O Ngf6 10.Qd6 Qxd6 11.Rxd6 Ke7 12.Rd2 b5 13.Bd3 Bb7 14.Re2 a6 15.a4 Rhc8
16.Nd2 b4 17.Ncb1 c5 18.b3 a5 19.Rd1 Nb6 20.f3 Ba6 21.Bxa6 Rxa6 22.Nc4 Nxc4
23.bxc4 Nd7 24.Kb2 Rd6 25.Red2 Rxd2 26.Nxd2 Nb6 27.Kb3 Nd7 28.Nf1 Nf8 29.Rd5 Ne6
30.Nd2 Nf4 31.Rxc5 Rxc5 32.Bxc5+ Kd7 33.Bb6 Nxg2 34.c5 Nf4 35.Nc4 Nxh3 36.Nxa5 Ng5
37.c6+ Kc8 38.Nc4 Ne6 39.a5 Bf8 40.a6 Nc5+ 41.Bxc5 Bxc5 42.Nxe5 h5 43.Kc4 Ba7
44.Nxf7 h4 45.Ng5 Kc7 46.Kd5 Be3 47.e5 Kb6 48.Nh3 Kxa6 49.e6  1-0

[Event "2nd Magic Valley IM"]
[Site "Rodatychi UKR"]
[Date "2011.03.23"]
[Round "4"]
[White "Bortnik,N"]
[Black "Sanduleac,V"]
[Result "1/2-1/2"]
[WhiteElo "2284"]
[BlackElo "2429"]

1.e4 g6 2.d4 Bg7 3.Nc3 c6 4.g3 d5 5.e5 f6 6.f4 Nh6 7.Nf3 Bg4 8.h3 Bxf3 9.Qxf3 O-O
10.Qd3 Na6 11.a3 fxe5 12.fxe5 Nc7 13.h4 c5 14.Bf4 cxd4 15.Qxd4 Nf5 16.Qb4 a5
17.Qb6 Qd7 18.O-O-O Qc6 19.Qxc6 bxc6 20.h5 g5 21.Bxg5 Bxe5 22.Bd3 Rae8 23.Rhe1 Bxc3
24.bxc3 e5 25.g4 Nd6 26.Bh6 Rf7 27.Rf1 Ne6 28.g5 Nf4 29.g6 hxg6 30.Bxg6 Nxg6
31.hxg6 Rf5 32.c4 Rh5 33.Rh1 Rxh1 34.Rxh1 Re6 35.cxd5 cxd5 36.Rg1 a4 37.Kd2 Ne4+
38.Kd3 Rc6 39.c4 Rxc4 40.Rf1 Rc3+ 41.Ke2 Ng3+ 42.Kd2 Nxf1+ 43.Kxc3 d4+ 44.Kc4 Ng3
45.Kd5 Nf5 46.Kxe5  1/2-1/2

[Event "Karposh Open"]
[Site "Skopje MKD"]
[Date "2011.04.05"]
[Round "5"]
[White "Menkinoski,R"]
[Black "Smith,Bry"]
[Result "1-0"]
[WhiteElo "2298"]
[BlackElo "2466"]

1.d4 g6 2.e4 Bg7 3.Nc3 c6 4.Nf3 d6 5.h3 Nf6 6.Bd3 O-O 7.O-O Nbd7 8.Re1 e5
9.a4 exd4 10.Nxd4 a5 11.Nb3 Re8 12.Bf1 Qc7 13.Bg5 Ne5 14.Nd4 b6 15.Bf4 Bb7
16.Bh2 Rad8 17.Kh1 Qc8 18.f4 Ned7 19.Nb3 c5 20.Qd3 Qa8 21.Nd2 d5 22.e5 Ne4
23.Ndxe4 dxe4 24.Qe3 g5 25.Nb5 gxf4 26.Bxf4 Bxe5 27.Qg3+ Kh8 28.Nd6 Bxd6
29.Bxd6 Re6 30.Rad1 Rde8 31.Qc3+ Kg8 32.Re3 Rg6 33.Bc4 Qd8 34.Rf1 Nf6 35.Bc7 Qd4
36.Bxb6 Qxc3 37.bxc3 Rc8 38.Rf5 Rc6 39.Bxa5 Rd6 40.Bc7 Rd2 41.g4 Bd5 42.Bb5 Be6
43.Rxc5 Nd5 44.Re2 e3 45.Bd3 Rf6 46.Bg3 Rf1+ 47.Kg2 Ra1 48.Be5 Re1 49.Kf3 Rf1+
50.Kg3 f6 51.Bd4 Rg1+ 52.Kf3 Rf1+ 53.Kg3 h5 54.Rxe3 Rg1+ 55.Kh4 Bf7 56.Re8+ Bxe8
57.Bxg1 Nf4 58.Rc8 Kf7 59.Rc7+ Ke6 60.Bf5+ Kd6 61.Rc4 Ng2+ 62.Kg3 h4+ 63.Kf3 Ne1+
64.Ke3 Rg2 65.Bf2 Rg3+ 66.Bxg3+ hxg3 67.Rd4+ Kc5 68.Rd1  1-0

[Event "TCh-HUN 2010-11"]
[Site "Budapest HUN"]
[Date "2011.04.10"]
[Round "8"]
[White "Papp,Ga"]
[Black "Bodiroga,P"]
[Result "1-0"]
[WhiteElo "2526"]
[BlackElo "2398"]

1.e4 g6 2.d4 Bg7 3.Nc3 c6 4.f4 d5 5.e5 Nh6 6.Nf3 Qb6 7.h3 O-O 8.Bd3 f6 9.g4 fxe5
10.fxe5 Nd7 11.Rf1 e6 12.Ne2 c5 13.c3 Nf7 14.Rb1 Nb8 15.b4 cxd4 16.cxd4 a6
17.a4 Bd7 18.Ba3 Rc8 19.h4 Qd8 20.Nf4 Nc6 21.g5 a5 22.b5 Nb4 23.Bxb4 axb4
24.h5 Nxg5 25.hxg6 h6 26.Nh5 Ne4 27.Rb2 Rc3 28.Rc2 Rxa4 29.Rxc3 Nxc3 30.Qb3 Qe7
31.Qb2 Be8 32.Qc1 Ne4 33.Nxg7 Kxg7 34.Rh1 Ng5 35.Nxg5 Qxg5 36.Qc7+  1-0

[Event "ch-AZE U20 Boys"]
[Site "Baku AZE"]
[Date "2011.04.17"]
[Round "7.1"]
[White "Mammadov,A"]
[Black "Iskandarov,M"]
[Result "1/2-1/2"]
[WhiteElo "2409"]
[BlackElo "2235"]

1.e4 g6 2.d4 Bg7 3.Nc3 c6 4.Nf3 d6 5.a4 Bg4 6.Be3 Nd7 7.Be2 Ngf6 8.h3 Bxf3
9.Bxf3 O-O 10.O-O e5 11.dxe5 Nxe5 12.Be2 Qc7 13.Qd2 Rfe8 14.f4 Ned7 15.Bf3 Rad8
16.Qf2 b6 17.Rfe1 Nc5 18.a5 Nfd7 19.axb6 axb6 20.Bd4 Bxd4 21.Qxd4 b5 22.b4 Ne6
23.Qe3 Qb6 24.Qxb6 Nxb6 25.Ne2 Ra8 26.Kf2 Nc4 27.Bg4 c5 28.Bxe6 fxe6 29.Nc3 Na3
30.bxc5 b4 31.Nb1 Nxb1 32.Raxb1 dxc5 33.c3 bxc3 34.Rbc1 Rf8 35.Kf3 Ra7 36.Rxc3 Raf7
37.Rxc5 Rxf4+ 38.Ke3 Rf2 39.Re2 Rxe2+ 40.Kxe2 Kg7 41.Ke3 Kf6 42.Kf4 h6 43.h4 Re8
44.g4 e5+ 45.Ke3 Re6 46.Ra5 Rb6 47.Kd3 Rd6+ 48.Ke3 Rb6 49.Kd3 Rd6+ 50.Ke3 Rb6
51.Kd3 Rd6+  1/2-1/2

[Event "TCh-HUN 2010-11"]
[Site "Budapest HUN"]
[Date "2011.04.17"]
[Round "9"]
[White "Tatar Kis,S"]
[Black "Boguszlavszkij,J"]
[Result "1/2-1/2"]
[WhiteElo "2376"]
[BlackElo "2235"]

1.e4 g6 2.d4 Bg7 3.Nc3 c6 4.Nf3 d5 5.h3 Nh6 6.Bd3 f6 7.exd5 cxd5 8.Ne2 Nf7
9.c4 O-O 10.cxd5 Qxd5 11.O-O e5 12.Nc3 Qd8 13.dxe5 Nxe5 14.Nxe5 fxe5 15.Ne4 h6
16.Be3 Nc6 17.Bc5 Rf4 18.g3 Rf5 19.Bc4+ Kh7 20.Nd6 Rf6 21.Ne4 Bxh3 22.Qxd8 Rxd8
23.Nxf6+ Bxf6 24.Rfd1 Rc8 25.Bd5 b6 26.Be3 Nd4 27.Bxd4 exd4 28.Rac1 Rd8 29.Rc7+ Bg7
30.Be4 a5 31.Rd3 Rd6 32.Rc6 Rxc6 33.Bxc6 Be6 34.b3 Bf5 35.Rd2 d3 36.g4 Bxg4
37.Rxd3 Bf5 38.Rd6 Bf8 39.Rd8 Bc5 40.Kg2 Kg7 41.Kf3 h5 42.Rd2 Kf6 43.Bd7 Bb1
44.Re2 Kg5 45.a4  1/2-1/2

[Event "XLII Abierto Internacional"]
[Site "Mar del Plata ARG"]
[Date "2011.04.17"]
[Round "3.25"]
[White "Evans,P"]
[Black "Trois,F"]
[Result "1/2-1/2"]
[WhiteElo "2040"]
[BlackElo "2303"]

1.e4 c6 2.d4 g6 3.Nc3 Bg7 4.f4 d5 5.e5 h5 6.Nf3 Bg4 7.h3 Bxf3 8.Qxf3 e6 9.Be3 h4
10.O-O-O Nh6 11.Bd3 Nf5 12.Bf2 Nd7 13.Kb1 Bf8 14.Qg4 Be7 15.Bxf5 exf5 16.Qf3 Nf8
17.Ne2 Ne6 18.Rd3 Qd7 19.Rb3 O-O-O 20.Rd1 Kb8 21.Qd3 Ka8 22.Be1 c5 23.Qf3 c4
24.Re3 Qc6 25.a3 Qb6 26.Bb4 Bxb4 27.axb4 Qxb4 28.Ra3 Rd7 29.Nc3 Rhd8 30.Qf2 Rh8
31.Qe3 Nc7 32.Na4 b6 33.Ka2 Kb8 34.Nc3 Rhd8 35.Ra1 b5 36.Kb1 a6 37.Qf2 Qe7
38.Ra5 Kb7 39.Qd2 Ra8 40.Ne2  1/2-1/2

[Event "Technomont IM 2011"]
[Site "Frydek Mistek CZE"]
[Date "2011.04.21"]
[Round "2"]
[White "Sosovicka,J"]
[Black "Petran,Pe"]
[Result "0-1"]
[WhiteElo "2149"]
[BlackElo "2331"]

1.e4 g6 2.d4 Bg7 3.Nc3 c6 4.f4 d5 5.e5 Nh6 6.Nf3 Bg4 7.Be3 f6 8.Be2 O-O 9.h3 Bxf3
10.Bxf3 Nf5 11.Bf2 fxe5 12.fxe5 e6 13.Bg4 Nd7 14.O-O Qe7 15.Ne2 Bh6 16.Qd3 c5
17.Bxf5 Rxf5 18.Ng3 Rf7 19.Be3 Bxe3+ 20.Qxe3 cxd4 21.Rxf7 Kxf7 22.Qxd4 Qc5
23.Rf1+ Ke7 24.c3 Rc8 25.Rf2 Qxd4 26.cxd4 Rc1+ 27.Nf1 Ra1 28.b3 Nb8 29.Rd2 Nc6
30.a4 Nb4 31.Rf2 Rd1 32.Rf4 Nc6 33.Rh4 h5 34.Kf2 Rxd4 35.Rxd4 Nxd4 36.Nd2 Kf7
37.Ke3 Nc2+ 38.Ke2 g5 39.Nf3 g4 40.hxg4 hxg4 41.Nd2 Kg6 42.g3 Kf5 43.Kd3 Nb4+
44.Kd4 Nc6+ 45.Kc5 Kxe5 46.b4 Nb8 47.a5 Nd7+ 48.Kb5 a6+  0-1

[Event "Technomont IM 2011"]
[Site "Frydek Mistek CZE"]
[Date "2011.04.22"]
[Round "4"]
[White "Sadzikowski,D"]
[Black "Petran,Pe"]
[Result "1/2-1/2"]
[WhiteElo "2366"]
[BlackElo "2331"]

1.d4 g6 2.e4 Bg7 3.Nc3 c6 4.f4 d5 5.e5 Nh6 6.Nf3 Bg4 7.Be3 f6 8.Be2 O-O 9.h3 Nf5
10.Bf2 Bxf3 11.Bxf3 fxe5 12.fxe5 e6 13.O-O Nd7 14.Ne2 Bh6 15.Qd3 c5 16.c3 c4
17.Qb1 b5 18.a3 a5 19.Ng3 Nh4 20.Bg4 Qe7 21.Qe1 Bg5 22.Be3 Rxf1+ 23.Nxf1 Bxe3+
24.Nxe3 Nf5 25.Bxf5 gxf5 26.g4 fxg4 27.Nxg4 Kh8 28.Qe3 Rg8 29.Rf1 Qg5 30.Qxg5 Rxg5
31.Kh2 Kg7  1/2-1/2

[Event "Cez Cup GM 2011"]
[Site "Frydek Mistek CZE"]
[Date "2011.04.22"]
[Round "5"]
[White "Kanovsky,D"]
[Black "Payen,Ar"]
[Result "1-0"]
[WhiteElo "2480"]
[BlackElo "2361"]

1.e4 g6 2.d4 Bg7 3.Nc3 c6 4.h3 d5 5.Nf3 Nh6 6.Bf4 O-O 7.Qd2 dxe4 8.Nxe4 Nf5
9.O-O-O Qd5 10.Nc3 Qa5 11.Bc4 Nd7 12.Rhe1 b5 13.Bb3 c5 14.Bd5 Nb6 15.dxc5 Bxc3
16.Qxc3 Qxc3 17.bxc3 Nxd5 18.Rxd5 Be6 19.Rde5 Bxa2 20.g4 Ng7 21.Rxe7 Rfc8
22.Bd6 Ne6 23.Re5 a5 24.Kb2 Bc4 25.Nd2 Ra6 26.f4 Rac6 27.Ne4 Kg7 28.f5 Nc7
29.f6+ Kh6 30.h4  1-0

[Event "Chance Cup Open 2011"]
[Site "Frydek Mistek CZE"]
[Date "2011.04.23"]
[Round "6"]
[White "Kociscak,J"]
[Black "Janczarski,M"]
[Result "1/2-1/2"]
[WhiteElo "2285"]
[BlackElo "2296"]

1.d4 g6 2.e4 Bg7 3.Nc3 c6 4.Be3 d5 5.e5 Nh6 6.h4 Nf5 7.h5 c5 8.Nf3 cxd4 9.Bxd4 Nc6
10.Bb5 O-O 11.Bxc6 bxc6 12.Bc5 Qa5 13.b4 Qc7 14.hxg6 hxg6 15.Ne2 a5 16.Rb1 axb4
17.Qc1 Qa5 18.Bxb4 Qxa2 19.g4 Nh6 20.Rb2 Qc4 21.Rxh6 Bxh6 22.Qxh6 Bxg4 23.Qe3 Ra1+
24.Kd2 c5 25.Qxc5 Bxf3 26.Qxc4 dxc4 27.Nd4 Bh5 28.Bxe7 Rc8 29.Ke3 Rc1 30.Kf4 Rd1
31.c3 Rd3 32.Bb4 Bd1 33.Ra2 Re8 34.f3 g5+ 35.Kxg5 Rxe5+ 36.Kf6 Rh5 37.Rg2+ Kh8
38.Kxf7 Rh7+ 39.Kf8 Rh4 40.Bd6 Rdxd4 41.cxd4 Kh7 42.Rg7+ Kh6 43.Kg8 Rxd4
44.Bf8  1/2-1/2

[Event "29th Metz Open A"]
[Site "Longeville-les-Metz FRA"]
[Date "2011.05.02"]
[Round "1.5"]
[White "Jolly,J"]
[Black "Svetushkin,D"]
[Result "1-0"]
[WhiteElo "2357"]
[BlackElo "2561"]

1.e4 g6 2.d4 Bg7 3.Nc3 c6 4.Nf3 d6 5.Be3 Nf6 6.h3 O-O 7.Qd2 b5 8.Bd3 Bb7
9.e5 dxe5 10.dxe5 Nd5 11.Ne4 Nxe3 12.Qxe3 Na6 13.O-O Qb6 14.Qg5 c5 15.c3 Rad8
16.Bc2 f6 17.Qh4 Nc7 18.Rad1 Nd5 19.exf6 exf6 20.Rfe1 Qc7 21.Qg3 Nf4 22.Nxc5 Rxd1
23.Bxd1 Nxh3+ 24.Qxh3 Qxc5 25.Bb3+ Kh8 26.Nd4 f5 27.Ne6 Qe7 28.Re3 Rc8 29.Nxg7 Qxg7
30.Qh4 g5 31.Qb4 Be4 32.f3 Bc6 33.Qd6  1-0

[Event "ch-UKR semi-final"]
[Site "Alushta UKR"]
[Date "2011.05.03"]
[Round "1.15"]
[White "Terletsky,O"]
[Black "Onischuk,V"]
[Result "0-1"]
[WhiteElo "2179"]
[BlackElo "2498"]

1.e4 g6 2.d4 Bg7 3.Nc3 c6 4.f4 d5 5.e5 h5 6.Nf3 Nh6 7.Be3 Bg4 8.h3 Bxf3 9.Qxf3 h4
10.Bd3 e6 11.O-O Nd7 12.Ne2 f5 13.b3 Nf7 14.c4 Qe7 15.c5 g5 16.Qf2 Bh6 17.b4 Rg8
18.b5 Nf8 19.bxc6 bxc6 20.Rab1 gxf4 21.Bxf4 Ng5 22.Kh1 Ng6 23.Bxg5 Qxg5 24.Rb7 Rg7
25.Rfb1 Rxb7 26.Rxb7 Ne7 27.Qe1 Kf7 28.Ng1 Rg8 29.Bf1 Qf4 30.Ne2 Qe4 31.Qa5 Re8
32.Qxa7 Qe3 33.Rb3 Qf2 34.Rf3 Qe1 35.Qb7 Rg8 36.a4 Be3 37.Qa6 Bf2 38.Nf4 Bxd4
39.Nd3 Qd1 40.Nb4 Rg3 41.Rxg3 hxg3 42.Qd3 Qc1 43.Qe2 Qa1 44.Nd3 Ng6 45.h4 Qxa4
46.Qh5 Be3 47.Nb2 Qf4 48.Ba6 Kg7 49.Nd1 Bxc5  0-1

[Event "Karlovy Vary Open"]
[Site "Karlovy Vary CZE"]
[Date "2011.05.03"]
[Round "8.9"]
[White "Hlavac,R"]
[Black "Kozak,K"]
[Result "1-0"]
[WhiteElo "2079"]
[BlackElo "1900"]

1.e4 g6 2.d4 c6 3.Nc3 Bg7 4.Nf3 Nf6 5.h3 d6 6.Bf4 O-O 7.Qd2 Re8 8.Be2 d5
9.exd5 Nxd5 10.Nxd5 cxd5 11.O-O Nc6 12.Rfe1 a6 13.c3 Bd7 14.Bd3 Qc8 15.Re2 Bf5
16.Rae1 Bxd3 17.Qxd3 e6 18.Nh2 Qd8 19.Qg3 Ne7 20.Qf3 h6 21.Be5 Nc6 22.Bxg7 Kxg7
23.Ng4 h5 24.Ne3 Qd7 25.Qf4 b5 26.a3 Rec8 27.g4 Qc7 28.Qf3 hxg4 29.Nxg4 Qd8
30.Qf4 Qh4 31.Re3 Rh8 32.Rf3 Qe7 33.Ne5 Nxe5 34.Qxe5+ Kh6 35.Qxd5 Rad8 36.Qe5 Qh4
37.Re4 Qg5+ 38.Qxg5+ Kxg5 39.Rg4+  1-0

[Event "2nd ch-Region Officer House Open"]
[Site "Lviv UKR"]
[Date "2011.05.05"]
[Round "3.2"]
[White "Buksa,N"]
[Black "Prokhorov,A1"]
[Result "1/2-1/2"]
[WhiteElo "2027"]
[BlackElo "2071"]

1.e4 c6 2.d4 g6 3.Nc3 Bg7 4.f4 d5 5.e5 h5 6.Nf3 Bg4 7.h3 Bxf3 8.Qxf3 h4 9.Bd3 e6
10.Be3 Nd7 11.Bf2 Bf8 12.Qg4 Be7  1/2-1/2

[Event "TCh-SVK Extraliga 2010-11"]
[Site "Slovakia SVK"]
[Date "2011.05.06"]
[Round "9"]
[White "Jurcik,Mart"]
[Black "Kantorik,M"]
[Result "0-1"]
[WhiteElo "2378"]
[BlackElo "2351"]

1.e4 g6 2.d4 Bg7 3.Nc3 c6 4.Be3 d5 5.Qd2 Qa5 6.exd5 cxd5 7.Bb5+ Kf8 8.Nf3 a6
9.Ba4 b5 10.Bb3 e6 11.O-O Nc6 12.Bf4 Qd8 13.Rfe1 Nge7 14.Ne5 h6 15.Ne2 Bxe5
16.Bxe5 Nxe5 17.dxe5 Kg7 18.Nd4 Bd7 19.Re3 Rf8 20.Rh3 Ng8 21.Re1 a5 22.c3 Qb6
23.Rg3 b4 24.h4 a4 25.Bc2 a3 26.cxb4 axb2 27.Bb1 Rfc8 28.Rd3 Rc1 29.Rxc1 bxc1=Q+
30.Qxc1 Qxb4 31.h5 Rc8 32.Qf1  0-1

[Event "ch-UKR semi-final"]
[Site "Alushta UKR"]
[Date "2011.05.08"]
[Round "6.11"]
[White "Kucherenko,D"]
[Black "Tarlev,K"]
[Result "0-1"]
[WhiteElo "2364"]
[BlackElo "2499"]

1.e4 g6 2.d4 Bg7 3.Nc3 c6 4.Bc4 b5 5.Bb3 d6 6.Qf3 e6 7.Nge2 Nd7 8.O-O b4
9.Na4 Ngf6 10.c3 bxc3 11.Naxc3 O-O 12.Rd1 Qe7 13.Be3 Bb7 14.Ng3 c5 15.Qe2 Rab8
16.Rac1 Rfc8 17.f3 h5 18.Rc2 h4 19.Nf1 Nh5 20.dxc5 Nxc5 21.Bc4 Ba8 22.Nb5 Be5
23.b4 a6 24.Nxd6 Bxd6 25.bxc5 Bxc5 26.Bxc5 Rxc5 27.Rdc1 Nf4 28.Qf2 Qg5 29.Kh1 Bc6
30.Ne3 Ba4 31.Rc3 Bb5 32.Bxb5 Rcxb5 33.Rc8+ Rxc8 34.Rxc8+ Kh7 35.Qc2 Qe5
36.Qc1 Nd3 37.Qf1 Qd4 38.Nc2  0-1

[Event "Sten Open"]
[Site "Hradec Kralove CZE"]
[Date "2011.05.11"]
[Round "4"]
[White "Skokan,F"]
[Black "Strebkovs,A"]
[Result "0-1"]
[WhiteElo "1974"]
[BlackElo "2317"]

1.e4 g6 2.d4 Bg7 3.Nc3 c6 4.Bd3 Bxd4 5.Nf3 Bg7 6.O-O d6 7.Be3 Nf6 8.h3 O-O
9.Qd2 Nbd7 10.Bh6 Nc5 11.Bxg7 Kxg7 12.e5 dxe5 13.Nxe5 Bf5 14.Rad1 Nxd3 15.cxd3 Qd6
16.Rfe1 Rad8 17.g4 Be6 18.Qg5 Qb4 19.Ne2 Bxa2 20.Nf4 h6  0-1

[Event "ch-Euro Indiv Women"]
[Site "Tbilisi GEO"]
[Date "2011.05.13"]
[Round "7"]
[White "Motycakova,M"]
[Black "Khmiadashvili,T"]
[Result "0-1"]
[WhiteElo "2107"]
[BlackElo "2204"]

1.e4 c6 2.d4 g6 3.Nc3 Bg7 4.Be3 d5 5.Qd2 Nf6 6.e5 Ng4 7.Bf4 h5 8.Nf3 Nh6
9.h3 a5 10.Ng5 e6 11.Be2 Nf5 12.a4 Bf8 13.O-O-O Be7 14.g4 Nxd4 15.Bd3 c5
16.Ne2 Nxe2+ 17.Bxe2 Nc6 18.c3 h4 19.Nf3 Bd7 20.Rhg1 Na7 21.Qc2 Qb6 22.Rd2 O-O-O
23.g5 c4 24.Bd1 Bc5 25.Rg4 Qa6 26.Rxh4 b5 27.axb5 Nxb5 28.Rxh8 Rxh8 29.h4 Nc7
30.Qb1 a4 31.Qa2 Kb7 32.Kb1 Rb8 33.Be3 Be7 34.Nd4 Kc8 35.Be2 Qa5 36.Rc2 Na6
37.Kc1 Nc5 38.Kd1 Qc7 39.f4 Nb3 40.Ke1 Bc5 41.Bd1 Qa7 42.Rf2 a3 43.bxa3 Nxd4
44.Bxd4 Bxd4 45.cxd4 Qxd4 46.a4 Qe4+ 47.Re2 Qxf4 48.a5 Qxh4+ 49.Kd2 Qxg5+
50.Kc2 Qe7 51.a6 Qb4 52.a7 Ra8 53.Kc1 Qb6  0-1

[Event "XXVI Felix Cup"]
[Site "Baile Felix ROU"]
[Date "2011.05.20"]
[Round "1.10"]
[White "Chereches,M"]
[Black "Dan,F"]
[Result "1-0"]
[WhiteElo "2281"]
[BlackElo "1753"]

1.e4 g6 2.d4 Bg7 3.Nc3 c6 4.Nf3 d6 5.h3 Nd7 6.Be3 Qc7 7.Qd2 b5 8.O-O-O a5
9.Kb1 Nb6 10.d5 b4 11.Bxb6 bxc3 12.Bxc7 cxd2 13.dxc6 Ba6 14.e5 Bxf1 15.Rhxf1 Rc8
16.exd6 exd6 17.Bxd6 Rxc6 18.Rxd2 f6 19.Re1+ Kf7 20.Rd5 Rxd6 21.Rxd6 Ne7
22.Rd7 Re8 23.Nd4 Bf8 24.Nb5  1-0

[Event "Trophee Roza Lallemand"]
[Site "Chalons en Champagne FRA"]
[Date "2011.05.21"]
[Round "4.4"]
[White "Congiu,M"]
[Black "Safranska,A"]
[Result "1-0"]
[WhiteElo "2237"]
[BlackElo "2229"]

1.e4 g6 2.d4 Bg7 3.Nc3 c6 4.h3 d6 5.Be3 b5 6.Bd3 Nd7 7.f4 a6 8.a4 b4 9.Nce2 c5
10.Nf3 Qc7 11.c3 bxc3 12.bxc3 e6 13.O-O Ne7 14.Qe1 Bb7 15.Rb1 Bc6 16.Ra1 h6
17.Qf2 c4 18.Bc2 Nf6 19.Nd2 Bb7 20.Rab1 d5 21.e5 Nd7 22.g4 f5 23.exf6 Nxf6
24.Ng3 O-O 25.Nf3 Ne4 26.Nxe4 dxe4 27.Nd2 Nd5 28.Nxe4 Bc6 29.Qd2 Rae8 30.Nc5 g5
31.Nxa6 Qd6 32.Nb4 gxf4 33.Bf2 Ba8 34.Rfe1 Nf6 35.Qe2 Kh8 36.Qxc4 Nh7 37.h4 Nf6
38.Qd3 e5 39.dxe5 Qxd3 40.Nxd3 Nxg4 41.Bd4 f3 42.Nf2 Nxe5 43.Be4 Bxe4 44.Rxe4 Rg8
45.Rbe1 Bf6+ 46.Kf1 Bxh4 47.Bxe5+ Kh7 48.Rxh4 Rg5 49.Ng4 h5 50.Nf6+  1-0

[Event "XXX Zalakaros Open"]
[Site "Zalakaros HUN"]
[Date "2011.05.27"]
[Round "8"]
[White "Porubszky Angyalosine,M"]
[Black "Boguszlavszkij,J"]
[Result "1-0"]
[WhiteElo "2045"]
[BlackElo "2232"]

1.e4 g6 2.d4 Bg7 3.Nc3 c6 4.g3 d5 5.exd5 cxd5 6.Bg2 Nf6 7.Nge2 O-O 8.O-O Nc6
9.Bg5 e6 10.Qd2 Re8 11.Rad1 Qa5 12.a4 Qb4 13.b3 Qf8 14.Nb5 Rd8 15.h3 h6 16.Be3 a6
17.Nbc3 b6 18.Kh2 Bb7 19.g4 Ne8 20.f4 f5 21.Ng3 Ne7 22.gxf5 exf5 23.Nh1 Rac8
24.Nf2 Rc7 25.Ne2 Rdc8 26.Rc1 Nf6 27.Nd3 a5 28.Ne5 Qe8 29.Ng3 Ba6 30.Rfe1 b5
31.Qxa5 Bb7 32.Qxb5 Qxb5 33.axb5 Rxc2 34.Rxc2 Rxc2 35.Rc1 Rxc1 36.Bxc1 Kh7
37.Ba3 Nc8 38.Bc5 Ne8 39.Nc6 Ncd6 40.Bf1 g5 41.fxg5 f4 42.Bd3+ Kg8 43.Nf5 Nxf5
44.Bxf5 hxg5 45.Nd8  1-0

[Event "TCh-FRA Top 12 2011"]
[Site "Mulhouse FRA"]
[Date "2011.06.01"]
[Round "7"]
[White "Battaglini,G"]
[Black "Housieaux,D"]
[Result "1-0"]
[WhiteElo "2412"]
[BlackElo "2436"]

1.e4 g6 2.d4 Bg7 3.Nc3 c6 4.Nf3 d6 5.Be3 Nf6 6.Qd2 b5 7.Bd3 Qa5 8.O-O O-O
9.Bh6 b4 10.Ne2 Bg4 11.Bxg7 Kxg7 12.a3 Bxf3 13.axb4 Qh5 14.Ng3 Qh4 15.gxf3 Nbd7
16.Ra5 e5 17.dxe5 Nxe5 18.Be2 Rfd8 19.f4 Neg4 20.Bxg4 Qxg4 21.Rg5 Qe6 22.f5 Qe8
23.fxg6 hxg6 24.Qc3 Qe6 25.f4 Rh8 26.f5 Qe5 27.Qxe5 dxe5 28.fxg6 fxg6 29.Rxe5 Rhe8
30.Rxe8 Rxe8 31.Ra1 Nxe4 32.Rxa7+ Kh6 33.Ra6 Ng5 34.Rxc6 Re1+ 35.Kf2 Rb1
36.h4 Nh3+ 37.Kg2 Nf4+ 38.Kf3 Nd5 39.Rd6 Nxb4 40.c3 Nc2 41.h5 Rxb2  1-0

[Event "Scandinavian Chess Tournament"]
[Site "Stockholm SWE"]
[Date "2011.06.02"]
[Round "3"]
[White "Bellon Lopez,JuM"]
[Black "Lubimov,A"]
[Result "1-0"]
[WhiteElo "2395"]
[BlackElo "2197"]

1.d4 g6 2.e4 Bg7 3.Nc3 c6 4.Be3 d5 5.Qd2 dxe4 6.Nxe4 Nd7 7.O-O-O Ngf6 8.f3 O-O
9.Bh6 Qc7 10.h4 Nxe4 11.fxe4 Nf6 12.Bxg7 Kxg7 13.e5 Ng8 14.h5 c5 15.Qc3 Bg4
16.Be2 Bxe2 17.Nxe2 e6 18.dxc5 Rfc8 19.hxg6 hxg6 20.Nd4 Qxc5 21.Nxe6+ fxe6
22.Rd7+ Ne7 23.Qxc5 Rxc5 24.Rxe7+  1-0

[Event "Voronezh FIDE Open"]
[Site "Voronezh RUS"]
[Date "2011.06.13"]
[Round "2.37"]
[White "Zhukov,Vi1"]
[Black "Volobuev,S"]
[Result "1-0"]
[WhiteElo "2133"]
[BlackElo "1805"]

1.e4 g6 2.d4 Bg7 3.Nc3 c6 4.Nf3 d5 5.e5 Nh6 6.h3 O-O 7.Bd3 f6 8.exf6 exf6
9.Ne2 Nf7 10.c3 Ng5 11.Qc2 Re8 12.Nxg5 fxg5 13.Be3 Qf6 14.Qd2 Bf5 15.Bxg5 Qe6
16.Be3 Nd7 17.O-O-O Bxd3 18.Qxd3 Qe4 19.Qxe4 Rxe4 20.Ng3 Re6 21.Rhe1 Rae8
22.Bd2 Kf7 23.Rxe6 Rxe6 24.Be3 Nf6 25.Kd2 Ne4+ 26.Nxe4 Rxe4 27.f3 Re6 28.Kd3 b5
29.a4 a6 30.Bf2 Bh6 31.b3 Ke7 32.Re1 Rxe1 33.Bxe1 Ke6 34.axb5 axb5 35.Bg3 Kf5
36.Bd6 Bc1 37.c4 Bb2 38.cxd5 cxd5 39.g4+ Kg5 40.f4+ Kf6 41.Bb4  1-0

[Event "1st Forni Open"]
[Site "Forni di Sopra ITA"]
[Date "2011.06.14"]
[Round "3"]
[White "Gaponenko,I"]
[Black "Smith,Bry"]
[Result "1/2-1/2"]
[WhiteElo "2455"]
[BlackElo "2481"]

1.e4 g6 2.d4 Bg7 3.Nc3 c6 4.f4 d5 5.e5 Qb6 6.Be2 Nh6 7.Nf3 Bg4 8.Na4 Qc7
9.Nh4 Bxe2 10.Qxe2 Qa5+ 11.Nc3 Qa6 12.h3 f6 13.Be3 O-O 14.O-O-O e6 15.Rhf1 b5
16.exf6 Bxf6 17.Bf2 Re8 18.g4 b4 19.Qxa6 Nxa6 20.Ne2 Nf7 21.Nf3 Nc7 22.h4 Nb5
23.h5 Nfd6 24.hxg6 hxg6 25.Ng3 Rf8 26.Rde1 Bg7 27.Ne2 Bh6 28.Ne5 Bxf4+ 29.Nxf4 Rxf4
30.Nxg6 Rxg4 31.Ne7+ Kg7 32.Nxc6 Rf8 33.Rg1 Rxg1 34.Bxg1 a5 35.Nxa5 Ra8 36.Nb3 Ne4
37.Kb1 Rf8 38.Bh2 Rf2 39.Be5+ Kg6 40.Kc1 Kf5 41.Nc5 Nxc5 42.dxc5 Rg2 43.c6 Rg8
44.c7 Rc8 45.Kd2 Nxc7 46.Bd6 Na6 47.Rf1+ Kg5 48.Rg1+ Kf5 49.Rf1+ Kg5 50.Rg1+ Kf5
51.Rf1+  1/2-1/2

[Event "Teplice Open"]
[Site "Teplice CZE"]
[Date "2011.06.14"]
[Round "4"]
[White "Vrchotka,J"]
[Black "Karlik,V"]
[Result "0-1"]
[WhiteElo "2017"]
[BlackElo "2254"]

1.e4 g6 2.d4 Bg7 3.Nc3 c6 4.f4 d5 5.e5 Nh6 6.h3 f6 7.Nf3 O-O 8.Be3 fxe5 9.Nxe5 Nd7
10.Nf3 Qb6 11.Qd2 Qxb2 12.Rb1 Qa3 13.g4 Qd6 14.Bg2 Nf7 15.O-O e6 16.Ne2 b5
17.a4 a6 18.Qe1 Nb6 19.Bd2 Nxa4 20.Bb4 Qd8 21.Bxf8 Qxf8 22.Ne5 Nxe5 23.fxe5 Qe7
24.Qg3 Nb6 25.g5 Nc4 26.Rf2 a5 27.Rbf1 a4 28.Rf4 Bd7 29.h4 c5 30.c3 a3 31.Rf7 Qxf7
32.Rxf7 Kxf7 33.Bxd5 a2 34.Qf3+ Ke7 35.Bxa8 a1=Q+ 36.Kf2 Nd2 37.Qg2 cxd4
38.cxd4 Nb3 39.Bc6 Qa7 40.Bxd7 Qxd7 41.Qe4 Nd2 42.Qd3 Nc4 43.h5 Qe8 44.h6 Bf8
45.Qf3 Qf7 46.Nf4 Qf5 47.Qb7+ Ke8 48.Qxb5+ Kf7 49.Qd7+ Be7 50.Kf3 Nd2+ 51.Ke3 Qe4+
52.Kxd2 Qxf4+ 53.Kd3 Qxg5 54.Kc4  0-1

[Event "Teplice Open"]
[Site "Teplice CZE"]
[Date "2011.06.15"]
[Round "5"]
[White "Mikes,J"]
[Black "Kantorik,M"]
[Result "1/2-1/2"]
[WhiteElo "1923"]
[BlackElo "2312"]

1.e4 g6 2.d4 Bg7 3.Nc3 c6 4.Be3 d5 5.e5 Nh6 6.Qd2 Nf5 7.Bf4 h5 8.Nf3 e6 9.O-O-O Nd7
10.Bg5 Bh6 11.h4 Bxg5 12.hxg5 Nf8 13.g4 Ng7 14.Qf4 Rg8 15.Bd3 Bd7 16.Nd2 Qe7
17.Rdg1 O-O-O 18.Nb3 b6 19.f3 Kb8 20.a3 Bc8 21.Na2 Bb7 22.Qd2 Nd7 23.Qc3 Rc8
24.f4 hxg4 25.Rxg4 Nf5 26.Bxf5 gxf5 27.Rgh4 c5 28.Qe3 Ba6 29.Nc3 Bc4 30.Nd2 cxd4
31.Qxd4 Ba6 32.Rh7 Nf8 33.Rh8 Ng6 34.Rxg8 Rxg8 35.Qa4 Bb7 36.Rh7 Rc8 37.Kb1 a6
38.Qd4 Qc7 39.Nf3 Ka7 40.a4 Qc4 41.a5 Qxd4 42.Nxd4 Nxf4 43.axb6+ Kxb6 44.Rxf7 Rc4
45.Nxe6 Nxe6 46.Rf6 Bc8 47.Nxd5+ Kc5 48.Ne7 Bd7 49.Nxf5 Nxg5 50.Nd6 Rh4 51.Nb7+ Kb5
52.Nd6+ Kb4 53.Nb7 Rh1+ 54.Ka2 Be6+ 55.b3 Re1 56.Kb2 Rxe5 57.Rh6 Kb5 58.Rh4 Kb6
59.Nd6 Kc7 60.Nc4 Re2 61.Na3 Nf3 62.Rh7+ Kb6 63.Rh6 Ne1 64.b4 Kc7 65.Rh7+ Kd8
66.Ra7 Bc8 67.Rf7 Nd3+ 68.Kc3 Ne5 69.Rf4 Be6 70.Rf8+ Kc7 71.Rf4 Re3+ 72.Kb2 Kd6
73.Rd4+ Kc6 74.Rd8 Bf5 75.Rf8 Bg6 76.Rf6+ Kb7 77.Rd6 Rxa3 78.Rxg6 Nxg6 79.Kxa3 Ne5
80.Kb3 Kb6 81.c4 Nc6 82.Kc3  1/2-1/2